| Поле | Инд. | ПП | Название | Значение |
|---|---|---|---|---|
| Тип записи | a | |||
| Библиографический уровень | a | |||
| 001 | Контрольный номер | 186c062bad4d44d68395a80fd5ad3dc9 | ||
| 005 | Дата корректировки | 20230330104402.7 | ||
| 020 | a | ISBN | 978-5-7823-0713-4 | |
| 040 | a | Служба первич. каталог. | НБ ТвГУ | |
| b | Код языка каталог. | rus | ||
| e | Правила каталог. | PSBO | ||
| 041 | 0_ | a | Код языка текста | rus |
| 097 | b | Оператор | Komarova.ES | |
| 100 | 1_ | a | Автор | Саржевская В. В. |
| 245 | 10 | a | Заглавие | Влияние валютной политики на бухгалтерский учет |
| 260 | a | Место издания | Хабаровск | |
| b | Издательство | ХГУЭП | ||
| 504 | a | Библиография | Библиогр.: с. 167-168 (3 назв.) | |
| 520 | 0_ | a | Аннотация | Статья посвящена влиянию валютной политики на бухгалтерский учет. Ужесточение требований валютной политики с целью возможного предотвращения валютных рисков на территории Российской Федерации существенно повлияло на изменение в бухгалтерском учете, а именно на нововведения. |
| 653 | 0_ | a | Ключевые слова | Бухгалтерский учет |
| a | Ключевые слова | Валютная поолитика | ||
| a | Ключевые слова | Территория Российской Федерации | ||
| a | Ключевые слова | Активы | ||
| a | Ключевые слова | Валютные курсы | ||
| 773 | 18 | w | Контрольный № источника | cfa67160537b4a51955dab8b13f08e55 |
| t | Название источника | Современные проблемы и перспективы развития финансовой и кредитной сфер экономики России XXI века | ||
| d | Место и дата издания | Хабаровск : ХГУЭП, 2019 | ||
| g | Прочая информация | Вып. 15. - С. 165-168 | ||
| 901 | t | Тип документа | a | |
| 920 | a | Оператор | Кома | |
| 954 | b | Дата поступления в ОК | 20230330 |